<?xml version="1.0" encoding="UTF-8"?>
<collection xmlns="http://www.loc.gov/MARC21/slim">
  <record>
    <leader>00000nam  2200000   4500</leader>
    <controlfield tag="001">INLIS000000000005126</controlfield>
    <controlfield tag="005">20190410042625</controlfield>
    <datafield tag="035" ind1="#" ind2="#">
      <subfield code="a">0010-0419000086</subfield>
    </datafield>
    <controlfield tag="007">ta</controlfield>
    <controlfield tag="008">190410################|##########|#|##</controlfield>
    <datafield tag="020" ind1="#" ind2="#">
      <subfield code="a">978-979-17939-7-1</subfield>
    </datafield>
    <datafield tag="082" ind1="#" ind2="#">
      <subfield code="a">361.250 72</subfield>
    </datafield>
    <datafield tag="084" ind1="#" ind2="#">
      <subfield code="a">R. 361.250 72  Lem k</subfield>
    </datafield>
    <datafield tag="100" ind1=" " ind2="#">
      <subfield code="a">P.M. Marpaung</subfield>
    </datafield>
    <datafield tag="245" ind1="1" ind2="#">
      <subfield code="a">Kemitraan Pemerintah Dan Swasta ( Public Private Partnership) :</subfield>
      <subfield code="b">Laporan /</subfield>
      <subfield code="c">Pusat Kajian Administrasi Internasional LAN</subfield>
    </datafield>
    <datafield tag="260" ind1="#" ind2="#">
      <subfield code="a">Jakarta :</subfield>
      <subfield code="b">Pusat Kajian Administrasi Internasional LAN,</subfield>
      <subfield code="c">2009</subfield>
    </datafield>
    <datafield tag="300" ind1="#" ind2="#">
      <subfield code="a">xv., 213 hlm :</subfield>
      <subfield code="b">ilus. ;</subfield>
      <subfield code="c">23 Cm</subfield>
    </datafield>
    <datafield tag="650" ind1="#" ind2="#">
      <subfield code="a">Public Private</subfield>
    </datafield>
    <datafield tag="700" ind1=" " ind2="#">
      <subfield code="a">Widhi Novianto</subfield>
    </datafield>
    <datafield tag="700" ind1=" " ind2="#">
      <subfield code="a">Yogi Suwarno</subfield>
    </datafield>
    <datafield tag="700" ind1=" " ind2="#">
      <subfield code="a">Rina Herawati</subfield>
    </datafield>
    <datafield tag="856" ind1="#" ind2="#">
      <subfield code="a">Perpustakaan  Lembaga Administrasi Negara RI</subfield>
    </datafield>
    <datafield tag="990" ind1="#" ind2="#">
      <subfield code="a">11021443</subfield>
    </datafield>
    <datafield tag="990" ind1="#" ind2="#">
      <subfield code="a">130414014</subfield>
    </datafield>
  </record>
</collection>
